000 00319nam a22001337a 4500
082 _a823
_bGAZ/D
100 _aGAZAN, SISSEL JO
245 _aTHE DINOSAUR FEATHER
246 _aTHE DINOSAUR FEATHER
_bTHE DINOSAUR FEATHER
260 _aLONDON
_bQUEREUS
_c1988
300 _a536
650 _aENGLISH FICTION
942 _cBK
999 _c9197
_d9197